Largest Lakes of Europe w/ Exceptions - Statistics

General Stats
  • This quiz has been taken 186 times
  • The average score is 5 of 12
Answer Stats
Lake Surface Area Country % Correct
Geneva 580-581 Switzerland, France
94%
Balaton 592 Hungary
78%
Constance / Bodensee 536-541 Germany, Switzerland, Austria
76%
Garda 370 Italy
66%
Maggiore 212-213 Italy, Switzerland
47%
Neuchâtel 218 Switzerland
38%
Ohrid 358-388 Macedonia, Albania
36%
Neusiedl / Fertő 315 Austria, Hungary
30%
Lough Neagh 388-392 United Kingdom
29%
Scutari / Skadar 370-530 Montenegro, Albania
26%
Great Prespa 259-273 Macedonia, Albania, Greece
17%
Lough Corrib 176-200 Ireland
10%
No matching quizzes found
Score Distribution
Percent of People with Each Score
Percentile by Number Answered
Your Score History
You have not taken this quiz